Carregando...
Class field theory
| Autor principal: | |
|---|---|
| Outros Autores: | |
| Formato: | Printed Book |
| Publicado em: |
American Mathematical Society
2013
|
| Assuntos: |
| LEADER | 00477nam a2200169 4500 | ||
|---|---|---|---|
| 082 | |a 512.3 ART-C;1 | ||
| 100 | |a Artin, Emil | ||
| 245 | |a Class field theory |c Emil Artin and Jhon Tate | ||
| 250 | |||
| 260 | |a American Mathematical Society |c 2013 | ||
| 300 | |||
| 490 | |||
| 650 | |a Field theory | ||
| 700 | |a Tate, Jhon | ||
| 942 | |c BK | ||
| 999 | |c 205153 |d 205153 | ||
| 952 | |0 0 |1 0 |4 0 |6 512_300000000000000_ARTC1 |7 0 |9 218502 |a MAT |b MAT |l 0 |o 512.3 ART-C;1 |p MAT6518 |r 2019-11-01 |w 2019-11-01 |y BK | ||